|
|
|
|
| LEADER |
00000nam a22000007a 4500 |
| 005 |
20190801134251.0 |
| 007 |
cr|||| |||| |
| 008 |
190801s2018 br |||||s|||| 00||0 por d |
| 020 |
|
|
|a 978-85-7789-339-3
|
| 035 |
|
|
|a 23928
|
| 040 |
|
|
|a vLex
|
| 090 |
|
|
|c 9101
|d 9101
|
| 100 |
1 |
|
|a Aparecido do Livramento, Geraldo
|
| 245 |
1 |
0 |
|a Execuȯ̂ no Novo CPC
|h [Recurso electrn̤ico] /
|c Geraldo Aparecido do Livramento
|
| 256 |
|
|
|a Servicio en ln̕ea
|
| 260 |
|
|
|a San Pablo:
|b JH Mizuno,
|c 2018
|
| 300 |
|
|
|a 1 recurso electrn̤ico
|
| 500 |
|
|
|a Este livro tem como objetivo apresentar de forma didt̀ica o cumprimento de sentenȧ e o processo de execuȯ̂, de acordo com as novas regras processuais advindas com o Novo Cd̤igo de Processo Civil. Os institutos se expe̳m de forma simples e vocabulr̀io adequado principalmente aos operadores do Direito, apresentando de forma clara a transiȯ̂ entre o velho e o novo Cd̤igo de Processo Civil. Alm̌ da parte ter̤ica, procuramos ainda estampar a prt̀ica processual diante das novas regras, com a apresentaȯ̂ de algumas peȧs que, alm̌ de obedecer a essas regras, tambm̌ valorizam o significado da petiȯ̂ inicial, a qual deve ser objetiva, concisa e sem devaneios, pois, na verdade, o processo nô oferece espaȯ aos poetas, oferece oportunidade ao seu operador para que postule com precisô o seu pedido, pois 'quem tem razô nô precisa falar muito'. Tambm̌ trazemos as espčies de defesa que podem ser utilizadas pelo executado. Em verdade pretendemos com este livro dar suporte ̉aprendizagem do estudante do Direito, servindo ao mesmo tempo de suporte ao magistřio. Esperamos, enfim, colaborar com os processualistas, com os professores, com os acadm̊icos de Direito e, principalmente, com os advogados, que ora em diante enfrentam a missô da transiȯ̂ da regra processual civil.
|
| 506 |
1 |
|
|a Disponible solo en los productos indicados
|d vLex Global
|d vLex Global (Academic Edition, excluding Law Schools)
|d vLex Global (U.S. Academic Edition, Law Schools)
|d vLex Global (U.S. Academic Edition, excluding Law Schools)
|d vLex Global (Academic Edition, Law Schools)
|
| 650 |
0 |
4 |
|a Derecho Civil
|z Brasil
|
| 650 |
0 |
4 |
|a Procedimiento Civil
|z Brasil
|
| 740 |
0 |
|
|a vLex Libros (Servicio en ln̕ea)
|
| 856 |
4 |
0 |
|u http://vlex.com/source/execu-o-no-novo-cpc-23928
|z Acceso restringido
|
| 942 |
|
|
|c BOOK
|
| 999 |
0 |
|
|a Civil Law
|
| 999 |
0 |
|
|a Civil Procedure
|